Inglês básico - Statistics

Estatísticas Gerais
  • Esse quiz foi jogado 1 511 vezes
  • A pontuação média é 11 de 15
Estatísticas das Respostas
Hint Resposta % Correto
Carro Car
97%
Cama Bed
93%
Sonho Dream
92%
Porta Door
91%
Voar Fly
90%
Casa Home
87%
Televisão Television
87%
Cozinha Kitchen
80%
Nadar Swim
78%
Anel Ring
72%
Cadeira Chair
69%
Avião Plane
65%
Tesoura Scissors
42%
Mota Motorcycle
31%
Férias Holidays
27%
Nenhum quiz correspondente encontrado
Distribuição das Pontuações
Porcentagem de Pessoas com Cada Pontuação
Percentil de Números Respondidos
Sua Pontuação Histórica
Você não jogou esse quiz